LIBRARY & INFORMATION CENTRE, KCAET, TAVANUR

ONLINE PUBLIC ACCESS CATALOGUE (OPAC)

Contemporary Indian literature:A symposium / (Record no. 3718)

MARC details
000 -LEADER
fixed length control field 00737cam a2200193ua 4500
041 ## - LANGUAGE CODE
Language code of text/sound track or separate title eng
082 ## - DEWEY DECIMAL CLASSIFICATION NUMBER
Classification number 891.4
Item number SAH/CO
100 ## - MAIN ENTRY--AUTHOR NAME
Personal name Sahithya academy, .
245 00 - TITLE STATEMENT
Title Contemporary Indian literature:A symposium /
250 ## - EDITION STATEMENT
Edition statement 2 /
260 ## - PUBLICATION, DISTRIBUTION, ETC. (IMPRINT)
Place of publication Newdelhi :
Name of publisher Sahitya Academy ,
Year of publication 1959.
300 ## - PHYSICAL DESCRIPTION
Number of Pages 338 ; .
942 ## - ADDED ENTRY ELEMENTS (KOHA)
Koha item type Books
Holdings
Withdrawn status Lost status Damaged status Home library Current library Date acquired Full call number Accession Number Koha item type
      KAUAET KAUAET 07/04/2012 891.4 10378 Books
free website counter